Ball Knowledge #7 - Statistics

General Stats
  • This quiz has been taken 74 times
  • The average score is 8 of 15
Answer Stats
Hint Answer % Correct
One half of the Detroit Lions RB duo known as " Sonic" Jahmyr Gibbs
96%
Former Vikings RB who is a 4x All Pro and was the 2012 MVP Adrian Peterson
75%
Rookie Raiders Tight End who broke several of the previous rookie TE records in the 24-25 season Brock Bowers
71%
Former Ravens Saftey who was paired with Ray Lewis in their Super Bowl winning defense Ed Reed
67%
Former Giants and Cheifs Wide Reciever who had a short prime in NY then severely falling off once he got to the Cheifs (Sir Drops Alot) Kadarius Toney
64%
Saints Cornerback who has infamous beef with Mike Evans Marshon Lattimore
58%
Former Steelers LB who's career was shortened due to his tragic spinal cord injury Ryan Shazier
58%
Former USC Trojan who was QB for the Cardinals and Bengals who also mde the Pro Bowl in 2015 Carson Palmer
56%
Seattle Seahawks Cornerback who goes by " Riq the Freak" Tariq Woolen
53%
Former Bills QB who broke their playoff drought in 2018 Tyrod Taylor
51%
Former HOF Saftey for the Bucs who is now the GM for the 49ers John Lynch
38%
The first name of Amon-Ra St. Browns brother who is also in the NFL _____ St. Brown Equanimeous
35%
Former OLB for the Redskins who was a 4x Pro Bowler Ryan Kerrigan
20%
All Time Panthers Fullback who was a dynamic duo with Jonathan Stewart Mike Tolbert
16%
Alabama Heisman winning RB who played for the Saints and Ravens Mark Ingram ll
9%
No matching quizzes found
Score Distribution
Percent of People with Each Score
Percentile by Number Answered
Your Score History
You have not taken this quiz